Ekstraklasa - najlepsi strzelcy od sezonu 99/00 - Statystyki

Ogólne statystyki
  • Ten quiz został rozwiązany 63 razy
  • Średni wynik to 6 z 15
Statystyki odpowiedzi
Liczba bramek Odpowiedź % Poprawnych
168 Tomasz Frankowski
78%
149 Paweł Brożek
71%
120 Marcin Robak
68%
83 Mikael Ishak
68%
108 Flavio Paixao
63%
105 Jesus Imaz
63%
120 Maciej Żurawski
63%
109 Piotr Reiss
47%
100 Marek Saganowski
32%
92 Piotr Włodarczyk
14%
88 Cezary Kucharski
12%
109 Jerzy Podbrozny
7%
97 Mariusz Srutwa
7%
86 Jacek Dembinski
5%
83 Tomasz Wieszczycki
2%
Nie znaleziono quizów pasujących do podanych kryteriów
Rozkład punktacji
Procent ludzi z każdym wynikiem
Percentyl według liczby udzielonych odpowiedzi
Twoja historia wyników
Nie rozwiązałeś tego quizu